000 00750nam a22001817a 4500
008 150430b xxu||||| |||| 00| 0 eng d
020 _a9780195143324
050 _aR724.B36
100 _aBeauchamp, Tom L.
245 _aPrinciples of biomedical ethics. /
_cTom L. Beauchamp and James F. Childress
250 _a5th ed.
260 _aOxford:
_bOxford university press,
_cc200l.
300 _axi, 454p.
_c23cm.
500 _aincludes index
505 _aContents: Moral norms -- Moral character -- Respect for autonomy -- Nonmaleficence -- Beneficence -- Justice -- Professional-patient relationships -- Moral theories -- Method and moral justification -- Appendix: Cases in biomedical ethics.
700 _aChildress, James F.
942 _2lcc
_cBK
999 _c5463
_d12963